Modelovanie a implementácia klinických procesov v oblasti chronického srdcového zlyhávania

Gespeichert in:
Bibliographische Detailangaben
1. Verfasser: Murzová, Lucia (Verfasst von)
Weitere Verfasser: Lehocki, Fedor (Betreuung Doktorarbeit)
Format: Manuskript Buch
Sprache:Slowakisch
Veröffentlicht: 2025
Schlagworte:
Online-Zugang:http://is.stuba.sk/zp/portal_zp.pl?podrobnosti=183602
Tags: Tag hinzufügen
Keine Tags, Fügen Sie das erste Tag hinzu!

MARC

LEADER 00000ntm a22000003a 4500
001 stuzp105789
003 SK-STU
005 20250607211614.1
007 ta
008 150427s2015----xo-----f-mn---000-0-slo-d
040 |a STU  |b slo 
041 0 |a slo 
100 1 |a Murzová, Lucia  |u 070200  |4 aut  |U FIIT Fakulta informatiky a informačných technológií  |T FIIT Ústav informatiky, informačných systémov a softvérového inžinierstva  |X 103066  |U I200  |Y 179  |7 103066 
242 0 1 |a Modeling and implementation of clinical processes in the field of chronic heart failure  |y eng 
245 1 0 |a Modelovanie a implementácia klinických procesov v oblasti chronického srdcového zlyhávania 
260 |c 2025 
650 4 |a CHF  |2 eng 
650 4 |a clinical processes  |2 eng 
650 4 |a BPMN  |2 eng 
650 4 |a CHF  |2 slo 
650 4 |a BPMN  |2 slo 
650 4 |a klinické procesy  |2 slo 
700 1 |a Lehocki, Fedor  |u 070200  |k Z1  |4 ths  |U FIIT Fakulta informatiky a informačných technológií  |T FIIT Ústav informatiky, informačných systémov a softvérového inžinierstva  |X 1888  |U I200  |Y 179  |7 000001888 
856 4 |u http://is.stuba.sk/zp/portal_zp.pl?podrobnosti=183602